L'horloge tourne - Michael Miro (Paroles) - Statistiques

Statistiques générales
  • Ce quiz a été pris 608 fois
  • Le résultat moyen est 255 sur 292
Statistiques - réponses
Paroles % Correct
de
99%
je
99%
le
99%
tourne
99%
a
98%
L'horloge
98%
Et
97%
et
97%
les
97%
Les
97%
temps
97%
Dam
95%
dam
95%
minutes
95%
moi
95%
rêve
95%
ans
94%
oh
94%
Un
94%
un
94%
j'ai
93%
ma
93%
vingt
91%
enfant
90%
se
90%
dix-huit
89%
pas
89%
déo
88%
ne
88%
sont
88%
suis
87%
plus
86%
trente
85%
Trente
85%
du
83%
l'a
83%
mais
83%
vient
81%
toujours
80%
veux
80%
d'arriver
79%
d'accélérer
78%
remonter
78%
SMS
78%
vingt-cinq
78%
d'enfants
77%
d'arrêter
74%
d'un
74%
vingt-et-un
74%
bon
71%
mon
71%
On
71%
sans
71%
fait
70%
vieux
70%
protéger
68%
des
67%
écoulés
67%
mois
67%
Neuf
67%
vingt-huit
66%
virginité
66%
est
63%
torrides
63%
bien
60%
prends
60%
Envolée
59%
liberté
59%
que
58%
cœur
57%
Mamie
57%
bilan
56%
fatiguée
55%
passe
55%
tout
55%
soudain
54%
tranquille
53%
jeux
52%
mauvais
52%
acides
51%
même
51%
infanticides
50%
suicide
50%
emporté
49%
j'aurai
42%
tsunami
40%
rides
38%
dérident
37%
Aucun quiz correspondant
Distribution des résultats
% des personnes avec chaque résultat
Percentile par nombre de réponses
Votre historique - résultats
Vous n’avez pas pris ce quiz